00457 2200181 4500001002100000005001500021008004100036035002500077041000800102082000800110090000800118100001500126245003400141250001600175260003800191300002800229650001800257INLIS00000000000916320130515211513 ind  a0010-051300000009163 aind a398 a398 aRahimsyah, aCerita Rakyat Sumatra Selatan aCetakan : 1 aSurabayabMitra Cendekia Surabaya a64 hlm. : ilus. ;20 cm. aCerita Rakyat